Am dichtesten besiedelste Städte Deutschlands - Statistiken

Allgemein
  • Dieses Quiz wurde 237 mal gespielt
  • Das Durchschnittsergebnis liegt bei 13 aus 20
Antwortstatistiken
Platz
Stadt Einwohner pro km²
Einwohner Fläche in km²
Bundesland % Korrekt
1. München 4.777 1,48 Mio. 310,7 Bayern
100%
2. Berlin 4.118 3,67 Mio. 891,1 XXX
99%
11. Köln 2.686 1,09 Mio. 405 Nordrhein-Westfalen
98%
4. Stuttgart 3.067 0,64 Mio. 207,3 Baden- Württemberg
97%
3. Frankfurt am Main 3.074 0,76 Mio. 248,3 Hessen
96%
16. Hamburg 2.446 1,85 Mio. 755,1 XXX
96%
7. Düsseldorf 2.860 0,62 Mio. 217,4 Nordrhein-Westfalen
94%
9. Essen 2.771 0,58 Mio. 210,3 Nordrhein-Westfalen
90%
13. Hannover 2.628 0,54 Mio. 204,3 Niedersachsen
86%
8. Nürnberg 2.780 0,52 Mio. 187,5 Bayern
85%
14. Bochum 2.510 0,37 Mio. 145,7 Nordrhein-Westfalen
73%
20. Bonn 2.337 0,33 Mio. 141 Nordrhein-Westfalen
69%
15. Gelsenkirchen 2.474 0,26 Mio. 104,9 Nordrhein-Westfalen
67%
6. Offenbach am Main 2.903 0,13 Mio. 44,9 Hessen
57%
10. Oberhausen 2.734 0,21 Mio. 77,1 Nordrhein-Westfalen
53%
5. Herne 3.043 0,16 Mio. 51,4 Nordrhein-Westfalen
42%
19. Elmshorn 2.340 0,05 Mio. 21,4 Schleswig-Holstein
14%
18. Schwalbach am Taunus 2.365 0,02 Mio. 6,5 Hessen
2%
17. Steinbach (Taunus) 2.424 0,01 Mio. 4,4 Hessen
2%
12. Eppelheim 2.679 0,02 Mio. 5,7 Baden-Württemberg
1%
Keine übereinstimmenden Quizze gefunden
Verteilung der Resultate
Anzahl Personen mit jedem Resultat
Perzentil nach korrekt beantworteten Fragen
Ihre Resultats-Entwicklung
Sie haben dieses Quiz noch nicht gespielt